000
00242nam a22000857a 4500
008
241102b ||||| |||| 00| 0 eng d
100
_a
Menzinsky, Georg
245
_a
Postage Stamps of Sweden 1920 - 1945
260
_b
Royal Swedish General Post Office
999
_c
3622
_d
3622